[Event "Muensterland op 41st"]
[Site "Muenster"]
[Date "2024.10.13"]
[Round "2"]
[White "Naveen Kumar, P."]
[Black "Mueller, Riyanna"]
[Result "1/2-1/2"]
[WhiteElo "1891"]
[BlackElo "2014"]
[PlyCount "162"]
[EventDate "2024.10.12"]
[EventType "swiss"]
[EventRounds "9"]
[EventCountry "GER"]
[SourceTitle "CB43_2024"]
[Source "Chessbase"]
[SourceDate "2024.10.23"]
[SourceVersion "1"]
[SourceVersionDate "2024.10.23"]
[SourceQuality "1"]

1. d4 d5 2. c4 dxc4 3. e3 e5 4. Bxc4 exd4 5. exd4 Bd6 6. Nf3 Nf6 7. 0-0 0-0 8. Nc3 h6 9. h3 Nc6 10. Be3 Bf5 11. Re1 Re8 12. Qb3 Qd7 13. Bb5 a6 14. Bf1 Rad8 15. Rac1 Qc8 16. a3 Be6 17. Qc2 Bf5 18. Qa4 Ne7 19. Ne5 Ned5 20. Nxd5 Nxd5 21. Bd2 c6 22. Qb3 Qc7 23. Nf3 Rxe1 24. Rxe1 Bf4 25. Bc3 Be6 26. Qc2 Nxc3 27. Qxc3 Qb6 28. b4 Bg5 29. Nxg5 hxg5 30. Rd1 g4 31. hxg4 Bxg4 32. Rd3 Be6 33. Rd2 Ra8 34. Qc5 Qxc5 35. bxc5 Rd8 36. f3 f6 37. Kf2 Kf7 38. Ke3 Re8 39. Kf2 Re7 40. Bd3 Rd7 41. Bb1 f5 42. g3 Kf6 43. Ke3 Bd5 44. Bd3 Re7+ 45. Kf2 g5 46. Re2 Be6 47. Re1 Rd7 48. Ke3 Rh7 49. Rb1 Bc8 50. Rb6 Re7+ 51. Kd2 Be6 52. Rb1 Bd5 53. Be2 Rh7 54. Ke3 Rh3 55. Rxb7 Rxg3 56. Rb8 Rh3 57. Rf8+ Ke6 58. Kf2 Rh2+ 59. Ke1 Rh1+ 60. Kf2 Ra1 61. Bxa6 Ra2+ 62. Kg1 Rxa3 63. Bc8+ Ke7 64. Rxf5 Rxf3 65. Rxg5 Kf6 66. Rg4 Ke7 67. Rh4 Kf6 68. Bd7 Ke7 69. Rh7+ Kd8 70. Bh3 Rf4 71. Rd7+ Ke8 72. Rd6 Rxd4 73. Bd7+ Ke7 74. Bxc6 Rg4+ 75. Kf2 Bxc6 76. Rxc6 Kd7 77. Rd6+ Kc7 78. Ke3 Rc4 79. Rd5 Kc6 80. Re5 Rxc5 81. Rxc5+ Kxc5 1/2-1/2

[Event "SRI-ch Dini"]
[Site "Colombo"]
[Date "2024.07.31"]
[Round "4"]
[White "Naveen Kumar, P."]
[Black "Abiru, KA Aken"]
[Result "1-0"]
[WhiteElo "2065"]
[BlackElo "1790"]
[PlyCount "70"]
[EventDate "2024.07.29"]
[EventType "swiss"]
[EventRounds "10"]
[EventCountry "SRI"]
[SourceTitle "CBM 221 Extra"]
[Source "ChessBase"]
[SourceDate "2024.09.30"]
[SourceVersion "1"]
[SourceVersionDate "2024.09.30"]
[SourceQuality "1"]

1. d4 Nf6 2. c4 e6 3. Nc3 d5 4. cxd5 exd5 5. Bg5 Be7 6. e3 0-0 7. Bd3 c6 8. Qc2 Nbd7 9. Nge2 Re8 10. 0-0 b6 11. Rad1 Nf8 12. f3 h6 13. Bh4 a6 14. Bf2 Bb7 15. e4 Rc8 16. a3 Qc7 17. Rc1 c5 18. exd5 Red8 19. Ne4 Nxd5 20. dxc5 bxc5 21. Nxc5 Qb8 22. Qb3 Bxc5 23. Rxc5 Rxc5 24. Bxc5 Ne6 25. Bf2 Qc7 26. Be4 Ba8 27. Re1 Qe7 28. Bxd5 Bxd5 29. Qe3 Qb7 30. b4 Rb8 31. h3 Bc6 32. Nd4 Nxd4 33. Qxd4 Bb5 34. Qg4 Bd7 35. Qg3 Rc8 1-0

[Event "Forni di Sopra op 15th"]
[Site "Forni di Sopra"]
[Date "2024.06.14"]
[Round "8"]
[White "Lachmair, Erwin"]
[Black "Naveen Kumar, P."]
[Result "0-1"]
[WhiteElo "1908"]
[BlackElo "1904"]
[PlyCount "54"]
[EventDate "2024.06.08"]
[EventType "swiss"]
[EventRounds "9"]
[EventCountry "ITA"]
[SourceTitle "CBM 220 Extra"]
[Source "ChessBase"]
[SourceDate "2024.07.31"]
[SourceVersion "1"]
[SourceVersionDate "2024.07.31"]
[SourceQuality "1"]

1. e4 e6 2. d3 d5 3. Nd2 c5 4. Ngf3 Nc6 5. g3 Bd6 6. Bg2 Nge7 7. 0-0 0-0 8. Nh4 d4 9. f4 f5 10. Nhf3 e5 11. Nc4 fxe4 12. dxe4 Bg4 13. f5 Nxf5 14. exf5 e4 15. h3 exf3 16. Bxf3 Bxh3 17. Nxd6 Qxd6 18. Bf4 Qd7 19. g4 Bxf1 20. Qxf1 d3 21. cxd3 Kh8 22. Kg2 Qd4 23. Bc1 Ne5 24. Be4 Nxg4 25. Qf3 Nf6 26. Bxb7 Rab8 27. Be4 Rxb2+ 0-1

[Event "Forni di Sopra op 15th"]
[Site "Forni di Sopra"]
[Date "2024.06.11"]
[Round "5"]
[White "Naveen Kumar, P."]
[Black "Frescura, Davide"]
[Result "1-0"]
[WhiteElo "1904"]
[BlackElo "2054"]
[PlyCount "59"]
[EventDate "2024.06.08"]
[EventType "swiss"]
[EventRounds "9"]
[EventCountry "ITA"]
[SourceTitle "CBM 220 Extra"]
[Source "ChessBase"]
[SourceDate "2024.07.31"]
[SourceVersion "1"]
[SourceVersionDate "2024.07.31"]
[SourceQuality "1"]

1. d4 d5 2. c4 e6 3. Nc3 Nf6 4. cxd5 exd5 5. Bg5 c6 6. e3 Be7 7. Bd3 0-0 8. Qc2 Nbd7 9. Nge2 Re8 10. 0-0 Nf8 11. f3 g6 12. Rad1 Ne6 13. Bh4 b5 14. Bf2 Bb7 15. e4 b4 16. Na4 dxe4 17. fxe4 Ng4 18. Bc4 Nxf2 19. Rxf2 Bg5 20. Qb3 Qe7 21. Rdf1 Bc8 22. Rxf7 Qxf7 23. Rxf7 Kxf7 24. Nc5 a5 25. Qg3 Bd2 26. Qc7+ Re7 27. Nxe6 Be3+ 28. Kf1 Bxe6 29. Bxe6+ Kf6 30. Qe5# 1-0

[Event "Forni di Sopra op 15th"]
[Site "Forni di Sopra"]
[Date "2024.06.08"]
[Round "1"]
[White "Naveen Kumar, P."]
[Black "Vezzosi, Paolo"]
[Result "1/2-1/2"]
[WhiteElo "1904"]
[BlackElo "2086"]
[PlyCount "62"]
[EventDate "2024.06.08"]
[EventType "swiss"]
[EventRounds "9"]
[EventCountry "ITA"]
[SourceTitle "CBM 220 Extra"]
[Source "ChessBase"]
[SourceDate "2024.07.31"]
[SourceVersion "1"]
[SourceVersionDate "2024.07.31"]
[SourceQuality "1"]

1. d4 Nf6 2. c4 e6 3. Nc3 Bb4 4. Qc2 d5 5. Bg5 dxc4 6. e3 b5 7. a4 c6 8. Bxf6 gxf6 9. axb5 cxb5 10. b3 Bb7 11. f3 Nd7 12. bxc4 bxc4 13. Kf2 a5 14. Na2 Rc8 15. Rb1 0-0 16. Nxb4 axb4 17. Rxb4 Nb6 18. Ne2 Ba6 19. Nc3 e5 20. dxe5 fxe5 21. Be2 Nd5 22. Nxd5 Qxd5 23. Rc1 Rc6 24. Bxc4 Bxc4 25. Rxc4 Rxc4 26. Qxc4 Qd2+ 27. Kg3 Qxe3 28. Qg4+ Kh8 29. Rc8 Qf4+ 30. Kf2 Qd2+ 31. Kg3 Qf4+ 1/2-1/2